000 01024nam a2200229Ii 4500
003 JO-AjNU
008 230605s9999||||xx |||||||||||||| ||und||
017 _a2010/1/198
020 _a978-9957-11-876-1
040 _aJO-AjNU
_bara
_erda
_cJO-AjNU
041 _aara
050 1 4 _aHM1221 .D87 2010
100 3 _aتأليف: درة، عبد الباري ابراهيم/ م.مشارك: نبيل خليف المجالي,
_eauthor
_933091
245 0 0 _aالعلاقات العامة في القرن الحادي والعشرين : النظرية والممارسة منحى نظامي واستراتيجي= Public relations : in the twenty first century : the theory and practice system
250 _aط1
264 3 1 _aعمان: دار وائل لنشر والتوزيع، 2010
300 _a451ص
_bيحتوي على ببلوغرافية من 439-451ص
336 _atext
_btxt
_2rdacontent
337 _aunmediated
_bn
_2rdamedia
338 _avolume
_bnc
_2rdacarrier
650 4 _aالعلاقات العامة
_933092
999 _aA13432
_c17000
_d17000